| 000 | 01649nam a2200361 a 4500 | ||
|---|---|---|---|
| 001 | ebr10015738 | ||
| 003 | CaPaEBR | ||
| 006 | m u | ||
| 007 | cr cn||||||||| | ||
| 008 | 000804s2000 utua sbc s001 0 eng | ||
| 010 | _z 00010764 | ||
| 020 | _z0874806631 (alk. paper) | ||
| 040 |
_aCaPaEBR _cCaPaEBR |
||
| 035 | _a(OCoLC)70765032 | ||
| 050 | 1 | 4 |
_aZ209.U89 _bS28 2000eb |
| 082 | 0 | 4 |
_a686.2/09792 _221 |
| 100 | 1 |
_aSaunders, Richard L., _d1963- |
|
| 245 | 1 | 0 |
_aPrinting in Deseret _h[electronic resource] : _bMormons, economy, politics & Utah's incunabula, 1849-1851 : a history and descriptive bibliography / _cRichard L. Saunders. |
| 260 |
_aSalt Lake City, Utah : _bUniversity of Utah Press, _cc2000. |
||
| 300 |
_axv, 213 p. : _bill. |
||
| 504 | _aIncludes bibliographical references (p. 200-205) and index. | ||
| 533 |
_aElectronic reproduction. _bPalo Alto, Calif. : _cebrary, _d2013. _nAvailable via World Wide Web. _nAccess may be limited to ebrary affiliated libraries. |
||
| 610 | 2 | 0 |
_aChurch of Jesus Christ of Latter-day Saints _xHistory _y19th century. |
| 610 | 2 | 0 |
_aChurch of Jesus Christ of Latter-day Saints _vBibliography _vCatalogs. |
| 650 | 0 |
_aPrinting _zUtah _xHistory _y19th century. |
|
| 650 | 0 |
_aPrinting _xPolitical aspects _zUtah _xHistory _y19th century. |
|
| 650 | 0 |
_aMormon Church _xHistory _y19th century. |
|
| 650 | 0 |
_aMormon Church _vBibliography _vCatalogs. |
|
| 651 | 0 |
_aUtah _xImprints _vCatalogs. |
|
| 655 | 7 |
_aElectronic books. _2local |
|
| 710 | 2 | _aebrary, Inc. | |
| 856 | 4 | 0 |
_uhttp://site.ebrary.com/lib/rucke/Doc?id=10015738 _zAn electronic book accessible through the World Wide Web; click to view |
| 999 |
_c28118 _d28118 |
||